<?xml version="1.0" encoding="UTF-8"?>
<record
    xmlns:xsi="http://www.w3.org/2001/XMLSchema-instance"
    xsi:schemaLocation="http://www.loc.gov/MARC21/slim http://www.loc.gov/standards/marcxml/schema/MARC21slim.xsd"
    xmlns="http://www.loc.gov/MARC21/slim">

  <leader>00742nam a2200205 a 4500</leader>
  <controlfield tag="001">82487</controlfield>
  <controlfield tag="003">BD-RjUL</controlfield>
  <controlfield tag="005">20231218110411.0</controlfield>
  <controlfield tag="008">231218s1935    pk ||||| |||| 00| p per d</controlfield>
  <datafield tag="035" ind1=" " ind2=" ">
    <subfield code="a">(BD-RjUL)82487</subfield>
  </datafield>
  <datafield tag="040" ind1=" " ind2=" ">
    <subfield code="a">BD-RjUL</subfield>
    <subfield code="b">eng</subfield>
    <subfield code="c">BD-RjUL</subfield>
  </datafield>
  <datafield tag="041" ind1=" " ind2=" ">
    <subfield code="a">per</subfield>
  </datafield>
  <datafield tag="082" ind1=" " ind2=" ">
    <subfield code="2">23</subfield>
    <subfield code="a">891.551</subfield>
    <subfield code="b">NAD 1935</subfield>
  </datafield>
  <datafield tag="100" ind1=" " ind2=" ">
    <subfield code="a"> &#x627;&#x644;&#x6C1;&#x6CC;&#x60C; &#x645;&#x62D;&#x628;&#x648;&#x628;&#x60C;  ;;;  Il&#x101;h&#x12B;, Ma&#x1E25;b&#x16B;b</subfield>
    <subfield code="d">1894</subfield>
    <subfield code="9">10578</subfield>
  </datafield>
  <datafield tag="245" ind1="1" ind2="0">
    <subfield code="a"> &#x62F;&#x649;&#x648;&#x627;&#x646; &#x63A;&#x632;&#x644;&#x649;&#x627;&#x62A; &#x646;&#x638;&#x649;&#x631;&#x649; &#x646;&#x649;&#x634;&#x627;&#x628;&#x648;&#x631;&#x649; / D&#x12B;v&#x101;n-i ghazal&#x12B;&#x101;t-i Na&#x1E93;&#x12B;r&#x12B; N&#x12B;sh&#x101;b&#x16B;r&#x12B;   / </subfield>
    <subfield code="c">Na&#x1E93;&#x12B;r&#x12B;, Shaykh J&#x101;n Mu&#x1E25;ammad Allah  ;;  &#x646;&#x638;&#x649;&#x631;&#x649;&#x60C;  &#x634;&#x649;&#x62E; &#x62C;&#x627;&#x646; &#x645;&#x62D;&#x645;&#x62F; &#x627;&#x644;&#x647;</subfield>
  </datafield>
  <datafield tag="260" ind1=" " ind2=" ">
    <subfield code="a"> Lah&#x16B;r:</subfield>
    <subfield code="b">Shaykh  Mubarak Ali, </subfield>
    <subfield code="c">1935</subfield>
  </datafield>
  <datafield tag="300" ind1=" " ind2=" ">
    <subfield code="a">232 p.;</subfield>
    <subfield code="c">23 cm</subfield>
  </datafield>
  <datafield tag="650" ind1=" " ind2=" ">
    <subfield code="a">persian Poem</subfield>
    <subfield code="9">10580</subfield>
  </datafield>
  <datafield tag="942" ind1=" " ind2=" ">
    <subfield code="2">ddc</subfield>
    <subfield code="c">BK</subfield>
  </datafield>
  <datafield tag="999" ind1=" " ind2=" ">
    <subfield code="c">82487</subfield>
    <subfield code="d">82487</subfield>
  </datafield>
  <datafield tag="952" ind1=" " ind2=" ">
    <subfield code="0">0</subfield>
    <subfield code="1">0</subfield>
    <subfield code="2">ddc</subfield>
    <subfield code="4">0</subfield>
    <subfield code="7">1</subfield>
    <subfield code="8">NFIC</subfield>
    <subfield code="a">RUCL</subfield>
    <subfield code="b">RUCL</subfield>
    <subfield code="c">Reading</subfield>
    <subfield code="d">2023-12-18</subfield>
    <subfield code="l">0</subfield>
    <subfield code="o">F 891.551 NAD 1935</subfield>
    <subfield code="r">2023-12-18 00:00:00</subfield>
    <subfield code="t">C-1</subfield>
    <subfield code="w">2023-12-18</subfield>
    <subfield code="y">BK</subfield>
  </datafield>
</record>
